Distribución geográfica de la población de Galicia / (Registro nro. 51782)

Detalles MARC
000 -LEADER
campo de control de longitud fija 00717nam a2200193 i 4500
001 - NÚMERO DE CONTROL
campo de control 51782
003 - IDENTIFICADOR DE NÚMERO DE CONTROL
campo de control ES-MaACL
005 - FECHA Y HORA DE LA ÚLTIMA TRANSACCIÓN
campo de control 20230906162433.0
007 - CAMPO FIJO DE DESCRIPCIÓN FÍSICA--INFORMACIÓN GENERAL
campo de control de longitud fija t|
008 - DATOS DE LONGITUD FIJA--INFORMACIÓN GENERAL
campo de control de longitud fija 030819s1925 sp ||||1| spa d
100 1# - ENTRADA PRINCIPAL--NOMBRE DE PERSONA
Nombre de persona Dantín Cereceda, Juan,
Fechas asociadas al nombre 1881-1943
9 (RLIN) 42666
245 10 - MENCIÓN DEL TÍTULO
Título Distribución geográfica de la población de Galicia /
Mención de responsabilidad, etc. por Juan Dantin Cereceda.
260 ## - PUBLICACIÓN, DISTRIBUCIÓN, ETC.
Lugar de publicación, distribución, etc. Madrid :
Nombre del editor, distribuidor, etc. [.n.],
Fecha de publicación, distribución, etc. 1925 (
Fabricante Hernando)
300 ## - DESCRIPCIÓN FÍSICA
Extensión 40 p., 1 map. ;
Dimensiones 24 cm.
500 ## - NOTA GENERAL
Nota general Precede al tít.: Junta para Ampliación de Estudios e Investigaciones Científicas.
710 2# - ENTRADA AGREGADA--NOMBRE DE ENTIDAD CORPORATIVA
Nombre de entidad corporativa o nombre de jurisdicción como elemento de entrada Junta para la Ampliación de Estudios e Investigaciones Científicas.
9 (RLIN) 5413
852 ## - LOCALIZACIÓN
Ubicación ES-MaACL
Número de control de estantería 1692-F-4
Sublocalización o colección R.5402
Existencias
Estatus retirado Estado de pérdida Estado de daño No para préstamo Colección Biblioteca de origen Biblioteca actual Ubicación en estantería Fecha de adquisición Fuente de adquisición Total de préstamos Signatura topográfica completa Código de barras Visto por última vez Precio de reemplazo Tipo de ítem Koha
        Colección de folletos Biblioteca del Ateneo de Madrid Biblioteca del Ateneo de Madrid Depósito folletos 17/01/2008     1692-F-4 1054450 23/02/2023 23/02/2023 Folleto